LEADER 04117nam 2200529I 450 001 9910793340303321 005 20190118132125.0 010 $a1-78756-042-2 010 $a1-78756-040-6 035 $a(CKB)4100000007265064 035 $a(MiAaPQ)EBC5620622 035 $a(UtOrBLW)9781787560406 035 $a(EXLCZ)994100000007265064 100 $a20190118d2019 uy 0 101 0 $aeng 135 $aurun||||||||| 181 $ctxt$2rdacontent 182 $cc$2rdamedia 183 $acr$2rdacarrier 200 00$aSpecial education for young learners with disabilities /$fedited by Festus E. Obiakor, and Jeffrey P. Bakken 210 1$aBingley :$cEmerald Publishing Limited,$d[2019] 210 4$d©2019 215 $a1 online resource (247 pages) 225 1 $aAdvances in special education,$x0270-4013 ;$vvolume 34 300 $aIncludes index. 311 $a1-78756-043-0 311 $a1-78756-041-4 327 $aPrelims -- Special education for young learners with disabilities: an introduction -- Reading interventions for young learners with reading difficulties and disabilities: the role of word reading and word meaning -- The urgent and the always: intervening on behavior problems in young children -- Special education for young learners with intellectual disabilities -- Special education for young learners who are deaf/hard of hearing -- Special education for young children with visual impairments -- Special education for young learners with autism spectrum disorder -- Inclusive special education for young learners with severe and multiple disabilities -- Teaching young children with traumatic brain injury in inclusive classroom settings -- We can do better: critically reframing special education research and practice at the intersections of disability and cultural and linguistic diversity for young children -- Special education for young learners with physical disabilities -- Special education for young learners with other health impairments -- Special education for young learners with disabilities: moving forward -- Index. 330 $aSpecial Education for Young Learners with Disabilities brings together leaders in the field of young children with disabilities, to present their ideas and research on different disability topics. Beginning with an introduction to the topic, the remaining chapters include discussions on learning disabilities, emotional and behavioral disorders, and intellectual disabilities; those who are deaf/hard of hearing; those who have visual impairments; those who have autism, severe and multiple disabilities, and traumatic brain injury; those who are culturally and linguistically diverse; those who have physical disabilities, and other health impairments. While this book focuses largely on the current climate of special education for young learners with disabilities, it also looks forward, concluding with a chapter on the future for the topic, both on a research and a practical basis. This volume of Advances in Special Education is a fundamental resource for special education researchers, scholars, practitioners, and professionals who teach and serve young learners with disabilities. 410 0$aAdvances in special education ;$vv. 34.$x0270-4013 606 $aYouth with disabilities$xEducation$zUnited States 606 $aStudents with disabilities$zUnited States$xServices for 606 $aEducation$xSpecial Education / Physical Disabilities$2bisacsh 606 $aTeaching of specific groups & persons with special educational needs$2bicssc 615 0$aYouth with disabilities$xEducation 615 0$aStudents with disabilities$xServices for. 615 7$aEducation$xSpecial Education / Physical Disabilities. 615 7$aTeaching of specific groups & persons with special educational needs. 676 $a371.904 702 $aObiakor$b Festus E. 702 $aBakken$b Jeffrey P. 801 0$bUtOrBLW 801 1$bUtOrBLW 906 $aBOOK 912 $a9910793340303321 996 $aSpecial education for young learners with disabilities$93807421 997 $aUNINA LEADER 04305nam 2200673 a 450 001 9910779730203321 005 20230803021053.0 010 $a1-68015-210-6 010 $a3-11-026924-4 024 7 $a10.1515/9783110269246 035 $a(CKB)2550000001097010 035 $a(EBL)1104230 035 $a(SSID)ssj0000916679 035 $a(PQKBManifestationID)11570837 035 $a(PQKBTitleCode)TC0000916679 035 $a(PQKBWorkID)10877950 035 $a(PQKB)11528628 035 $a(MiAaPQ)EBC1104230 035 $a(DE-B1597)173780 035 $a(OCoLC)846533257 035 $a(OCoLC)846724614 035 $a(DE-B1597)9783110269246 035 $a(Au-PeEL)EBL1104230 035 $a(CaPaEBR)ebr10728964 035 $a(CaONFJC)MIL503544 035 $a(OCoLC)851970427 035 $a(EXLCZ)992550000001097010 100 $a20130221d2013 uy 0 101 0 $aeng 135 $aur||||||||||| 181 $ctxt 182 $cc 183 $acr 200 00$aChemical photocatalysis$b[electronic resource] /$fedited by Burkhard Ko?nig 210 $aBerlin $cWalter de Gruyter GmbH & Co. KG$d2013 215 $a1 online resource (400 p.) 300 $aDescription based upon print version of record. 311 $a3-11-026916-3 311 $a1-299-72293-8 320 $aIncludes bibliographical references and index. 327 $t Frontmatter -- $tList of contributing authors -- $tContents -- $t1 Introduction / $rKönig, Burkhard / Bach, Thorsten -- $t2 Early pioneers of organic photochemistry / $rSchroll, Peter -- $t3 Photophysics of Photocatalysts / $rDick, Bernhard -- $t4 Flavin photocatalysis / $rKönig, Burkhard / Kümmel, Susanne / Cibulka, Radek -- $t5 Templated Enantioselective Photocatalysis / $rBauer, Andreas / Ruiz, Rafael Alonso -- $t6 Photocatalysis with nucleic acids and peptides / $rWagenknecht, Hans-Achim / Weinberger, Michael / Penner, Alexander -- $t7 Visible light photoredox catalysis with [Ru(bpy)3]2+: General principles and the twentieth century roots / $rTeplı, Filip -- $t8 Homogeneous visible light-mediated transition metal photoredox catalysis other than ruthenium and iridium / $rReiser, Oliver / Kachkovskyi, Georgiy / Kais, Viktor / Kohls, Paul / Paria, Suva / Pirtsch, Michael / Rackl, Daniel / Seo, Hana -- $t9 Synergistic Visible Light Photoredox Catalysis / $rZeitler, Kirsten / Neumann, Matthias -- $t10 Photoredox catalyzed ?-functionalization of amines - Visible light mediated carbon-carbon and carbon-hetero bond forming reactions / $rRüping, Magnus / Königs, Rene M. / Atodiresei, Iuliana -- $t11 Metal complexes for photohydrogenation and hydrogen evolution / $rRau, Sven / Pfeffer, Michael G. / Staehle, Robert -- $t12 Heterogeneous semiconductor photocatalysis / $rPfitzner, Arno / Dankesreiter, Stephan / Eisenhofer, Anna / Cherevatskaya, Maria -- $t13 Polyoxometalates in photocatalysis / $rStreb, Carsten / Kastner, Katharina / Tucher, Johannes -- $t14 Description of excited states in photocatalysis with theoretical methods / $rMerz, Thomas / Schütz, Martin -- $t15 Transient Absorption / $rDick, Bernhard / Kensy, Uwe / Kutta, Roger-Jan -- $t16 Time resolved spectroscopy in photocatalysis / $rRiedle, Eberhard / Wenninger, Matthias -- $tIndex 330 $aVisible light is an abundant source of energy. While the conversion of light energy into electrical energy (photovoltaics) is highly developed and commercialized, the use of visible light in chemical synthesis is far less explored. Chemical photocatalysts that mimic principles of biological photosynthesis utilize visible light to drive endothermic or kinetically hindered reactions. This work summarizes in 16 chapters the state of the art and the challenges of this emerging future technology. 606 $aPhotocatalysis 610 $aChemical Photocatalysis. 610 $aEnantioselective Synthesis. 610 $aPhotoactive Materials. 610 $aSustainable Chemistry. 610 $aVisible Light . 615 0$aPhotocatalysis. 676 $a541/.395 686 $aVK 5600$2rvk 701 $aKo?nig$b Burkhard$01499403 801 0$bMiAaPQ 801 1$bMiAaPQ 801 2$bMiAaPQ 906 $aBOOK 912 $a9910779730203321 996 $aChemical photocatalysis$93725402 997 $aUNINA